The faith of John Knox. (Record no. 58451)
[ view plain ]
| 000 -LEADER | |
|---|---|
| fixed length control field | 00716cam a22002531 4500 |
| 001 - CONTROL NUMBER | |
| control field | 9375055 |
| 003 - CONTROL NUMBER IDENTIFIER | |
| control field | OSt |
| 005 - DATE AND TIME OF LATEST TRANSACTION | |
| control field | 20140204125047.0 |
| 008 - FIXED-LENGTH DATA ELEMENTS--GENERAL INFORMATION | |
| fixed length control field | 770627s1961 vau b 000 0beng |
| 010 ## - LIBRARY OF CONGRESS CONTROL NUMBER | |
| LC control number | 62008020 |
| 035 ## - SYSTEM CONTROL NUMBER | |
| System control number | (OCoLC)3077223 |
| 040 ## - CATALOGING SOURCE | |
| Original cataloging agency | DLC |
| Transcribing agency | OC |
| Modifying agency | OCoLC |
| -- | DLC |
| 050 00 - LIBRARY OF CONGRESS CALL NUMBER | |
| Classification number | BX9223 |
| Item number | .M34 |
| 082 00 - DEWEY DECIMAL CLASSIFICATION NUMBER | |
| Classification number | 285/.2/092 |
| -- | B |
| 100 1# - MAIN ENTRY--PERSONAL NAME | |
| Personal name | McEwen, James S. |
| 9 (RLIN) | 24441 |
| 245 14 - TITLE STATEMENT | |
| Title | The faith of John Knox. |
| 260 ## - PUBLICATION, DISTRIBUTION, ETC. (IMPRINT) | |
| Place of publication, distribution, etc | Richmond, |
| Name of publisher, distributor, etc | John Knox Press |
| Date of publication, distribution, etc | [1961] |
| 300 ## - PHYSICAL DESCRIPTION | |
| Extent | 115 p. |
| Dimensions | 23 cm. |
| 490 0# - SERIES STATEMENT | |
| Series statement | The Croall lectures for 1960 |
| 504 ## - BIBLIOGRAPHY, ETC. NOTE | |
| Bibliography, etc | Includes bibliography. |
| 600 10 - SUBJECT ADDED ENTRY--PERSONAL NAME | |
| Personal name | Knox, John, |
| Dates associated with a name | approximately 1514-1572. |
| 9 (RLIN) | 21255 |
| 906 ## - LOCAL DATA ELEMENT F, LDF (RLIN) | |
| a | 7 |
| b | cbc |
| c | oclcrpl |
| d | u |
| e | ncip |
| f | 19 |
| g | y-gencatlg |
| 942 ## - ADDED ENTRY ELEMENTS (KOHA) | |
| Source of classification or shelving scheme | Library of Congress Classification |
| Koha item type | Books |
| Withdrawn status | Lost status | Source of classification or shelving scheme | Damaged status | Not for loan | Collection code | Home library | Current library | Shelving location | Date acquired | Source of acquisition | Cost, normal purchase price | Total Checkouts | Full call number | Barcode | Date last seen | Price effective from | Koha item type |
|---|---|---|---|---|---|---|---|---|---|---|---|---|---|---|---|---|---|
| Library of Congress Classification | General Circulation | AIU/NEGST - Tony Wilmot Memorial Library | AIU/NEGST - Tony Wilmot Memorial Library | General Stacks | 02/04/2014 | Donation-TBN | 35.00 | BX 9223.M34 1961 | R28217Y3232 | 09/02/2019 | 02/04/2014 | Books |
